000 00477nam a22001577a 4500
005 20251108165425.0
008 250721s2002 xx 000 0 ara d
082 1 4 _a616.08/كور
100 1 _aرضوان، سامر
245 1 0 _aالعلاج النفسي متى يكون مفيداً /
264 1 _aعمان :
_bدار المسيرة للنشر و التوزيع،
_c2002.
300 _a126ص
650 1 7 _aالعلاج النفسي
942 _2ddc
_cBK
999 _c27582
_d27582